000 00680cam a2200157 4500500
005 20260201095834.0
041 _afre
042 _adc
100 1 0 _aMellon, Christian
_eauthor
245 0 0 _aXavier Ternisien, Les Frères musulmans, Bibliothèque de culture religieuse Fayard, 2005, 374 p. 18 €
260 _c2005.
500 _a92
520 _aResumé Dans la quête de justice, il y a une temsion entre les aspirations à l’exactitude et une reconnaissance plus fondamentale et gratuite.
786 0 _nRevue Projet | 289 | 6 | 2005-06-01 | p. 091h-94h | 0033-0884
856 4 1 _uhttps://shs.cairn.info/revue-projet-2005-6-page-091h?lang=fr&redirect-ssocas=7080
999 _c1640872
_d1640872